000 02400nam a2200241Ia 4500
003 Ost
005 20260507075313.0
008 260507s9999||||xx |||||||||||||| ||und||
020 _a978995738203
040 _cfsecg
041 _aara
082 _a338.47910688
100 _aالسرابي، علاء حسين
_eمؤلف
245 0 _aالتسويق و المبيعات السياحية و الفندقية /
_c علاء حسين السرابي
260 _aعمان:
_bدار جرير للنشر والتوزيع,
_c2011
300 _a264 صفحة؛
_bإيضاحات ؛
_c24 سم
520 _aالتمهيد – الفصل الأول : مدخل إلى التسويق السياحي والفندقي : مفهوم التسويق السياحي – الفصل الثاني : سلوكيات العملاء في القطاع السياحي والفندقي : مستخدمو الخدمات السياحية – الفصل الثالث : تجزئة القطاع السياحي الفندقي : تجزئة السوق السياحي – الفصل الرابع : بحوث التسويق السياحي ونظم المعلومات التسويقية : مفهوم نظم معلومات التسويق – الفصل الخامس : تخطيط وتنمية المنتج السياحي : مفهوم المنتج السياحي – الفصل السادس : استراتيجية المنتج السياحي: تطوير المنتج السياحي – الفصل السابع : استراتيجية التسعير في القطاع السياحي : العوامل المؤثرة في تحديد السعر – الفصل الثامن : استراتيجية التوزيع في القطاع السياحي: العوامل المؤثرة على استراتيجية التوزيع – الفصل التاسع : استراتيجية الترويج في القطاع السياحي : عملية الاتصال – الفصل العاشر : استراتيجية الترويج السياحي الشاملة : الخطة التسويقية الشاملة – الفصل الحادي عشر : التسويق السياحي بواسطة الإنترنت : التوقعات الواقعية
653 _aالتسويق
653 _aالسياحة- اقتصاديات
653 _aالفنادق- تنظيم وإدارة
700 _aخنفر، سليم محمد
_eمؤلف ثانوي
942 _cكتاب
999 _c43877
_d43877